| 000 | 00392nam a2200157Ia 4500 | ||
|---|---|---|---|
| 003 | Ost | ||
| 005 | 20260225132541.0 | ||
| 008 | 260225s9999||||xx |||||||||||||| ||und|| | ||
| 040 | _cfsic | ||
| 041 | _afre | ||
| 082 | _a331.2 | ||
| 100 |
_aPyongyang Coree _eAuteur |
||
| 245 | 0 | _aBrillante Solution du probleme des Cadres nationaux en Coree / | |
| 245 | 0 | _cPyongyang Coree | |
| 942 | _cكتاب | ||
| 999 |
_c33534 _d33534 |
||